[Event "Tourn. n9966"]
[Site "www.echecsemail.com"]
[Date "2019.06.07"]
[Round "1"]
[White "Rons"]
[Black "Jaroslavpech"]
[WhiteElo "2660"]
[BlackElo "2490"]
[Result "1-0"]
[Round "1"]
1.e4 c6
2.d4 d5
3.e5 Bc8f5
4.Ng1f3 e6
5.Bf1e2 c5
6.O-O Nb8c6
7.Bc1e3 cxd4
8.Nf3xd4 Nc6xd4
9.Qd1xd4 Ng8e7
10.Be2b5 Ne7c6
11.Qd4a4 Qd8c8
12.Nb1d2 a6
13.Bb5xc6 Qc8xc6
14.Qa4xc6 bxc6
15.Nd2b3 Bf5xc2
16.Nb3c5 Ra8b8
17.b3 Bf8xc5
18.Be3xc5 Rb8b5
19.Bc5e3 Kd7
20.Rf1c1 Bc2g6
21.Rc1c3 Rh8c8
22.f3 a5
23.Be3c5 f6
24.Bc5d4 Rb5b4
25.Ra1d1 a4
26.Bd4c5 Rb4b8
27.b4 fxe5
28.Rc3e3 e4
29.fxe4 Rc8e8
30.Kf2 Kc7
31.e5 Rb8a8
32.Re3c3 Ra8c8
33.Rc3a3 Bg6e4
34.Ke3 Rc8a8
35.g4 Be4g6
36.h4 Re8d8
37.Kd4 Rd8d7
38.h5 Bg6e4
39.Rd1f1 Kb7
40.Ra3e3 g6
41.h6 Ka6
42.Re3e2 g5
43.Rf1f6 Ra8e8
44.Re2f2 Be4g6
45.a3 Rd7b7
46.Kc3 Rb7d7
47.Bc5e3 Rd7b7
48.Rf2f1 Kb5
49.Rf6f8 Rb7e7
50.Kd4 Re8xf8
51.Rf1xf8 Re7e8
52.Rf8f6 Re8e7
53.Be3xg5 Bg6f7
54.Rf6f1 Re7d7
55.Bg5d2 Rd7e7
56.Bd2e3 Bf7g6
57.Be3g5 Re7a7
58.Rf1f8 Kb6
59.Rf8b8 Ra7b7
60.Rb8g8 Rb7f7
61.Bg5f6 Kc7
62.Ke3 Bg6b1
63.Rg8g7 Rf7d7
64.Bf6e7 Kb6
65.Kd4 Bb1e4
66.Be7d6 Rd7b7
67.Bd6c5 Ka6
68.Rg7g8 Rb7c7
69.Rg8e8 Kb7
70.Re8xe6 Rc7f7
71.Re6f6 Rf7d7
72.e6 { resign }
1-0

[Event "Tourn. n10042"]
[Site "www.echecsemail.com"]
[Date "2019.06.07"]
[Round "1"]
[White "Gimmyg"]
[Black "Stepanpech"]
[WhiteElo "2620"]
[BlackElo "2570"]
[Result "1/2-1/2"]
[Round "1"]
1.Nb1c3 d5
2.e4 d4
3.Nc3e2 e5
4.Ne2g3 Bc8e6
5.Ng1f3 f6
6.Bf1b5 c6
7.Bb5a4 h5
8.Ba4b3 Be6xb3
9.axb3 h4
10.Ng3f5 h3
11.g3 g6
12.Nf5h4 Ng8e7
13.d3 Nb8a6
14.Nf3d2 g5
15.Qd1f3 Qd8d6
16.Nh4f5 Qd6d7
17.O-O Ne7xf5
18.exf5 Bf8e7
19.g4 Qd7d5
20.Nd2e4 Na6c5
21.Ra1a5 b6
22.Ra5xc5 bxc5
23.Bc1d2 O-O-O
24.Rf1a1 Kb8
25.Qf3d1 Rd8d7
26.f3 Rd7b7
27.Qd1b1 Rh8h7
28.Qb1a2 Rh7f7
29.Kf2 Be7d8
30.Kg3 Rf7h7
31.Bd2a5 Bd8e7
32.Qa2a4 Qd5d7
33.Qa4c4 Qd7c8
34.Ba5d2 { draw }
1/2-1/2

[Event "Match"]
[Site "www.echecsemail.com"]
[Date "2019.06.07"]
[Round "1"]
[White "Mitja"]
[Black "Bojan"]
[WhiteElo "1960"]
[BlackElo "2160"]
[Result "1-0"]
[Round "1"]
1.d4 d5
2.e3 a6
3.c3 Ng8f6
4.h3 Nb8d7
5.Ng1f3 c5
6.dxc5 Nd7xc5
7.b3 e6
8.Bc1b2 b5
9.Nb1a3 Bf8e7
10.Na3c2 Bc8b7
11.Bf1e2 h6
12.Nc2d4 Nf6h7
13.O-O Qd8c7
14.Rf1e1 Nc5e4
15.Ra1c1 Qc7d6
16.Nf3h2 Be7f6
17.Nh2g4 Bf6e7
18.Be2f3 Nh7g5
19.Bf3e2 f5
20.Ng4h2 g6
21.Nd4f3 Be7f6
22.Nh2f1 Ke7
23.Nf1d2 f4
24.Nd2xe4 Ng5xe4
25.Be2d3 Qd6c7
26.Bd3xe4 dxe4
27.Nf3h2 h5
28.Nh2f1 Ra8g8
29.Bb2a3 Kf7
30.Ba3d6 Qc7c8
31.Bd6xf4 g5
32.Bf4h2 g4
33.hxg4 hxg4
34.g3 Rg8g5
35.Rc1c2 Rh8d8
36.Qd1e2 Rd8d5
37.Re1d1 Rd5c5
38.c4 Bf6e7
39.Rd1c1 Qc8d7
40.cxb5 Rc5xc2
41.Rc1xc2 axb5
42.Kg2 Qd7d5
43.Rc2d2 Qd5c6
44.Rd2c2 Qc6d5
45.Bh2g1 b4
46.Nf1h2 Qd5f5
47.Qe2d1 Bb7a6
48.Rc2c7 Ba6d3
49.Rc7c1 Qf5h7
50.Nh2xg4 Rg5d5
51.Qd1e1 Qh7h5
52.Ng4h2 Rd5a5
53.Qe1d2 Ra5a8
54.Qd2d1 Qh5f5
55.f4 Ra8xa2
56.Bg1f2 Be7f6
57.g4 Qf5d5
58.g5 Bf6c3
59.Kg3 Ra2e2
60.Nh2g4 e5
61.Qd1h1 exf4
62.exf4 Qd5f5
63.Ng4h6 Kg6
64.Nh6xf5 Kxf5
65.Qh1h7 Ke6
66.Bf2c5 Re2a2
67.Rc1h1 { resign }
1-0

[Event "Match"]
[Site "www.echecsemail.com"]
[Date "2019.06.07"]
[Round "1"]
[White "Hundegana"]
[Black "Coraza"]
[WhiteElo "1980"]
[BlackElo "1740"]
[Result "1-0"]
[Round "1"]
1.e4 e5
2.Ng1f3 Nb8c6
3.Bf1b5 Nc6d4
4.Nf3xd4 exd4
5.Qd1f3 Qd8f6
6.Qf3xf6 Ng8xf6
7.d3 Bf8b4
8.Bc1d2 a5
9.c3 dxc3
10.bxc3 Bb4d6
11.O-O O-O
12.a3 Nf6g4
13.f4 Bd6c5
14.d4 Bc5e7
15.h3 Ng4f6
16.Bb5d3 d5
17.e5 Nf6h5
18.Bd2e1 g6
19.g4 Nh5g7
20.Nb1d2 f6
21.Kh2 f5
22.g5 c5
23.Bd3b5 c4
24.Rf1f2 Ng7h5
25.Nd2f1 a4
26.Ra1b1 Be7xa3
27.Nf1e3 Bc8e6
28.Ne3g2 Ba3e7
29.h4 a3
30.Rf2a2 Be6c8
31.Be1d2 Nh5g7
32.Ng2e3 Ng7h5
33.Ne3xd5 Rf8f7
34.Nd5b6 Ra8b8
35.Bb5xc4 Be7d8
36.Bc4xf7 Kxf7
37.Ra2xa3 Bd8e7
38.Ra3a8 Rb8xa8
39.Nb6xa8 Be7d8
40.c4 Ke6
41.d5 Kf7
42.Na8b6 Bd8xb6
43.Rb1xb6 Nh5g7
44.Rb6f6 Kg8
45.Bd2b4 h5
46.Rf6f8 Kh7
47.Rf8xc8 b6
48.Rc8c7 Kg8
49.e6 Kh8
50.e7 Kg8
51.d6 Kf7
52.d7 { resign }
1-0

[Event "1/64 Finale"]
[Site "www.chess-mail.com"]
[Date "2019.06.07"]
[Round "1"]
[White "Orhany24"]
[Black "Llord"]
[WhiteElo "2080"]
[BlackElo "2010"]
[Result "1-0"]
[Round "1"]
1.e4 e6
2.d4 g6
3.c4 Bf8g7
4.Nb1c3 Ng8f6
5.Bf1d3 O-O
6.f4 d5
7.cxd5 exd5
8.e5 Nf6h5
9.Ng1f3 Bc8g4
10.O-O Nb8c6
11.Bc1e3 Bg7h6
12.a3 a6
13.Qd1d2 Nc6a5
14.Bd3c2 Na5c4
15.Qd2c1 Nc4xe3
16.Qc1xe3 Bh6xf4
17.Qe3f2 Qd8f6
18.exf6 Nh5xf6
19.Nf3e5 Bf4g5
20.Ne5xg4 Nf6xg4
21.Qf2f3 h5
22.h3 Ng4e3
23.Bc2d3 Ne3xf1
24.Ra1xf1 c6
25.Rf1e1 Bg5d2
26.Re1e7 b6
27.Qf3g3 c5
28.Bd3xg6 { resign }
1-0

[Event "Fast Game"]
[Site "www.echecsemail.com"]
[Date "2019.06.07"]
[Round "1"]
[White "Hennie4820"]
[Black "Comrade"]
[WhiteElo "1610"]
[BlackElo "1599"]
[Result "0-1"]
[Round "1"]
1.e4 c5
2.Ng1f3 Nb8c6
3.d4 cxd4
4.Nf3xd4 Ng8f6
5.Nb1c3 e5
6.Nd4b5 a6
7.Nb5a3 b5
8.Nc3d5 Nf6xe4
9.Bf1d3 Ne4f6
10.Bc1g5 Bf8e7
11.Nd5xe7 Qd8xe7
12.O-O O-O
13.c3 h6
14.Bg5h4 g5
15.Bh4g3 d6
16.Na3c2 Bc8b7
17.Rf1e1 Rf8e8
18.Bd3f5 Bb7c8
19.Bf5xc8 Ra8xc8
20.Nc2e3 Qe7d7
21.Ne3f5 Qd7xf5
{ resign }
0-1

[Event "Tourn. n10132"]
[Site "www.echecsemail.com"]
[Date "2019.06.08"]
[Round "1"]
[White "Coolant"]
[Black "Pdebonis"]
[WhiteElo "2340"]
[BlackElo "2720"]
[Result "0-1"]
[Round "1"]
1.e4 c5
2.d4 cxd4
3.Ng1f3 d6
4.Qd1xd4 Nb8c6
5.Bf1b5 Bc8d7
6.Bb5xc6 Bd7xc6
7.O-O Ng8f6
8.Nb1c3 e6
9.Bc1g5 Bf8e7
10.Ra1d1 O-O
11.Rd1d3 h6
12.Bg5h4 Qd8c7
13.Rf1d1 Rf8d8
14.h3 b5
15.Bh4g3 e5
16.Qd4e3 b4
17.Nc3d5 Bc6xd5
18.Rd3xd5 Nf6xd5
19.Rd1xd5 Qc7xc2
{ resign }
0-1

[Event "Tourn. n10129"]
[Site "www.echecsemail.com"]
[Date "2019.06.08"]
[Round "1"]
[White "Jerome"]
[Black "Kevinking"]
[WhiteElo "1869"]
[BlackElo "1910"]
[Result "1-0"]
[Round "1"]
1.e4 e5
2.Ng1f3 d6
3.d4 exd4
4.Nf3xd4 Ng8f6
5.Nb1c3 Bf8e7
6.Bc1e3 a6
7.f3 Nb8c6
8.Qd1d2 Bc8e6
9.Nd4xe6 fxe6
10.O-O-O e5
11.g4 Qd8d7
12.h4 O-O-O
13.g5 Nf6h5
14.Bf1h3 { resign }
1-0

[Event "Tourn. n10142"]
[Site "www.echecsemail.com"]
[Date "2019.06.08"]
[Round "1"]
[White "D4minance"]
[Black "Rons"]
[WhiteElo "2790"]
[BlackElo "2650"]
[Result "1-0"]
[Round "1"]
1.d4 Ng8f6
2.c4 e6
3.g3 c5
4.d5 exd5
5.cxd5 d6
6.Nb1c3 g6
7.Bf1g2 Bf8g7
8.Ng1f3 O-O
9.O-O Rf8e8
10.Rf1e1 Nb8a6
11.Nf3d2 Na6c7
12.a4 b6
13.e4 Nf6g4
14.Nd2c4 Bg7d4
15.Nc4e3 Qd8f6
16.f3 Ng4e5
17.f4 Ne5c4
18.Kh1 Bd4xe3
19.Bc1xe3 Nc4xb2
20.Qd1c2 Nb2c4
21.Be3c1 Bc8b7
22.e5 Qf6f5
23.Qc2e2 Bb7a6
24.g4 Qf5c8
25.Qe2f3 Ba6b7
26.Qf3d3 Nc4a5
27.Qd3g3 Qc8d8
28.Nc3e4 dxe5
29.fxe5 Nc7xd5
30.Bc1g5 Qd8c7
31.Ne4d6 Nd5e7
32.Nd6xb7 Na5xb7
33.Qg3h4 h5
34.Bg5f6 Ne7d5
35.Bg2xd5 { resign }
1-0

[Event "Tourn. n10131"]
[Site "www.echecsemail.com"]
[Date "2019.06.08"]
[Round "1"]
[White "Claudia"]
[Black "Louis"]
[WhiteElo "2160"]
[BlackElo "2110"]
[Result "1-0"]
[Round "1"]
1.d4 Ng8f6
2.c4 e6
3.Nb1c3 Bf8b4
4.Qd1c2 O-O
5.a3 Bb4xc3
6.Qc2xc3 b6
7.Bc1g5 Bc8b7
8.f3 h6
9.Bg5h4 d5
10.e3 Nb8d7
11.cxd5 Nf6xd5
12.Bh4xd8 Nd5xc3
13.Bd8h4 Nc3d5
14.Bh4f2 c5
15.Bf1b5 { resign }
1-0

[Event "Match"]
[Site "www.echecsemail.com"]
[Date "2019.06.08"]
[Round "1"]
[White "Apdash"]
[Black "Tbsundar"]
[WhiteElo "2160"]
[BlackElo "2190"]
[Result "1-0"]
[Round "1"]
1.e4 e5
2.Ng1f3 Nb8c6
3.d4 exd4
4.Nf3xd4 Bf8c5
5.Nd4xc6 Qd8f6
6.Qd1e2 dxc6
7.e5 Qf6e7
8.f4 Ng8h6
9.Bc1e3 Bc5b4
10.Nb1d2 Nh6g4
11.O-O-O Bc8e6
12.Kb1 O-O
13.h3 Ng4xe3
14.Qe2xe3 Rf8d8
15.Bf1d3 Kh8
16.g4 Bb4xd2
17.Rd1xd2 Qe7h4
18.f5 Be6d5
19.Rh1d1 c5
20.c4 Bd5c6
21.g5 Rd8d4
22.e6 fxe6
23.fxe6 Ra8e8
24.b3 h6
25.gxh6 Qh4xh6
26.Qe3e5 Bc6f3
27.Qe5xc5 Rd4d8
28.e7 Rd8d7
29.Rd2f2 Qh6xh3
30.Rd1d2 Re8xe7
31.Rf2h2 Re7e1
32.Kc2 Bf3d1
33.Kb2 Rd7xd3
34.Rh2xh3 Rd3xh3
35.Qc5f8 Kh7
36.Qf8f5 { resign }
1-0

[Event "Tourn. n10145"]
[Site "www.echecsemail.com"]
[Date "2019.06.08"]
[Round "1"]
[White "Dougbeer"]
[Black "Asoka"]
[WhiteElo "2540"]
[BlackElo "2750"]
[Result "1/2-1/2"]
[Round "1"]
1.e4 e5
2.Bf1c4 Ng8f6
3.d4 exd4
4.Ng1f3 Nf6xe4
5.Qd1xd4 Ne4f6
6.Nb1c3 Bf8e7
7.Bc1g5 h6
8.Qd4h4 d5
9.O-O-O O-O
10.Nc3xd5 Nf6xd5
11.Bg5xe7 Qd8xe7
12.Bc4xd5 Qe7xh4
13.Nf3xh4 c6
14.Bd5c4 Rf8e8
15.Rd1d4 a5
16.Rd4f4 Bc8e6
17.Rh1e1 g5
18.Rf4g4 Nb8d7
19.Bc4xe6 Nd7f6
20.Rg4g3 Re8xe6
21.Re1xe6 fxe6
22.Nh4g6 a4
23.Ng6e5 Ra8a5
24.Rg3e3 Kf8
25.c4 Ke7
26.Kd2 g4
27.Re3e2 { draw }
1/2-1/2

[Event "Tourn. n10134"]
[Site "www.echecsemail.com"]
[Date "2019.06.08"]
[Round "1"]
[White "D4minance"]
[Black "Yudoka"]
[WhiteElo "2710"]
[BlackElo "2360"]
[Result "1-0"]
[Round "1"]
1.d4 d5
2.c4 c6
3.Ng1f3 Ng8f6
4.e3 e6
5.b3 Bf8d6
6.Bc1b2 Qd8e7
7.Bf1d3 b6
8.O-O Bc8b7
9.Qd1c2 Nb8d7
10.Nb1c3 O-O
11.Rf1e1 c5
12.cxd5 exd5
13.e4 cxd4
14.Nc3xd5 Bb7xd5
15.exd5 Qe7d8
16.Nf3xd4  { time }
1-0

[Event "Match"]
[Site "www.echecsemail.com"]
[Date "2019.06.08"]
[Round "1"]
[White "Joseph1983"]
[Black "Apdash"]
[WhiteElo "2170"]
[BlackElo "2140"]
[Result "1-0"]
[Round "1"]
1.Ng1f3 Ng8f6
2.g3 g6
3.Bf1g2 Bf8g7
4.d3 O-O
5.Nb1d2 Nb8c6
6.c3 d5
7.O-O e5
8.e4 dxe4
9.dxe4 Bc8g4
10.Qd1c2 Qd8d7
11.Nd2c4 Qd7e6
12.b3 h6
13.Rf1d1 Rf8d8
14.Bc1b2 b5
15.Nc4e3 Bg4h3
16.Bg2h1 a6
17.Nf3h4 Nc6e7
18.c4 c6
19.Nh4f3 Nf6g4
20.Ne3xg4 Bh3xg4
21.c5 f5
22.exf5 Ne7xf5
23.Rd1e1 Rd8d5
24.Nf3d2 Nf5d4
25.Bh1xd5 Qe6xd5
26.Qc2e4 Bg4f3
27.Qe4xd5 Bf3xd5
28.Ra1c1 Kf7
29.b4 a5
30.a3 axb4
31.axb4 Ra8a2
32.Bb2xd4 exd4
33.Nd2e4 Bd5xe4
34.Re1xe4 Ra2b2
35.Rc1e1 Rb2xb4
36.Re4e6 Rb4c4
37.Re6xc6 d3
38.Re1d1 Rc4d4
39.Kf1 Rd4d5
40.Rc6d6 Rd5xc5
41.Rd1xd3 Bg7c3
42.Rd6b6 b4
43.Rd3d7 Ke8
44.Rd7a7 Rc5c8
45.Rb6xg6 Kf8
46.Ra7b7 Bc3d2
47.Ke2 Bd2c3
48.Rg6xh6 Rc8d8
49.Rb7c7 Rd8d2
50.Ke3 Rd2d8
51.Rc7xc3 bxc3
52.Rh6h8 Ke7
53.Rh8xd8 Kxd8
54.Kd3 { resign }
1-0

[Event "Match"]
[Site "www.echecsemail.com"]
[Date "2019.06.08"]
[Round "1"]
[White "Tbsundar"]
[Black "Joseph1983"]
[WhiteElo "2190"]
[BlackElo "2180"]
[Result "0-1"]
[Round "1"]
1.d4 c5
2.d5 e6
3.dxe6 fxe6
4.e4 d5
5.Nb1c3 d4
6.Nc3b5 Nb8c6
7.Bc1f4 e5
8.Bf4g3 Ng8f6
9.f3 a6
10.Nb5a3 b5
11.Na3b1 c4
12.a4 Bc8e6
13.axb5 axb5
14.Nb1d2 Bf8b4
15.Ra1xa8 Qd8xa8
16.Ng1h3 Bb4xd2
17.Kxd2 Qa8a5
18.Ke2 Qa5a2
19.Nh3g5 Be6d7
20.Kf2 Qa2xb2
21.Bf1e2 h6
22.Ng5h3 O-O
23.Kg1 Nf6h5
24.Nh3f2 Nh5xg3
25.hxg3 Nc6b4
26.Rh1h5 Nb4xc2
27.Rh5xe5 d3
28.Re5d5 Nc2e3
29.Nf2xd3 cxd3
30.Qd1xd3 Ne3xd5
31.Qd3xd5 Kh8
32.Kf2 Bd7e8
33.Qd5d6 Kg8
34.Qd6d5 Kh7
35.Ke3 Qb2c3
36.Kf2 b4
37.Be2d3 Qc3d2
38.Kg1 Be8g6
39.Qd5d6 Rf8c8
40.Kh2 Rc8c2
41.Kh3 Qd2xg2
42.Kg4 Bg6h5
43.Kf4 Qg2xf3
44.Ke5 Qf3xg3
45.Ke6 Bh5f7
46.Ke7 Rc2c7
{ resign }
0-1

[Event "Tourn. n10133"]
[Site "www.echecsemail.com"]
[Date "2019.06.08"]
[Round "1"]
[White "Bigrezi"]
[Black "Bojan"]
[WhiteElo "2160"]
[BlackElo "2130"]
[Result "0-1"]
[Round "1"]
1.e4 a6
2.d4 d5
3.Nb1c3 dxe4
4.Nc3xe4 Bc8f5
5.Ne4c5 b6
6.Nc5b3 e6
7.Ng1f3 h6
8.Bf1e2 Ng8f6
9.Bc1e3 Bf8d6
10.O-O Nf6d5
11.c3 Nb8d7
12.Qd1d2 Nd7f6
13.c4 Nf6e4
14.Qd2d1 Nd5xe3
15.fxe3 Ne4g5
16.h3 Bd6g3
17.Nf3xg5 hxg5
18.Qd1d2 Qd8d6
19.Ra1d1 Bf5xh3
20.gxh3 Rh8xh3
21.Rf1f3 Rh3h2
22.Rd1f1 g4
23.Rf3xf7 Rh2h8
24.Be2d3 Bg3h2
25.Kh1 O-O-O
26.Qd2e2 Rh8h4
27.c5 Qd6d5
28.e4 Qd5h5
29.Qe2g2 Bh2f4
30.Kg1 Qh5xf7
31.cxb6 Bf4e3
{ resign }
0-1

[Event "Tourn. n10074"]
[Site "www.echecsemail.com"]
[Date "2019.06.09"]
[Round "1"]
[White "Pdebonis"]
[Black "Sbb"]
[WhiteElo "2700"]
[BlackElo "2760"]
[Result "0-1"]
[Round "1"]
1.d4 Ng8f6
2.c4 e6
3.Ng1f3 d5
4.Nb1c3 c6
5.e3 Nb8d7
6.Qd1c2 Bf8d6
7.cxd5 exd5
8.Bf1d3 O-O
9.O-O Rf8e8
10.Rf1e1 Nd7f8
11.h3 Bc8e6
12.b3 Qd8c8
13.Nf3e5 Be6xh3
14.gxh3 Qc8xh3
15.Bd3f1 Qh3h4
16.Ne5f3 Qh4g4
17.Bf1g2 Nf8g6
18.a4 Re8e6
19.Bc1a3 Bd6c7
20.Kf1 Qg4h5
21.b4 Ra8e8
22.b5 Nf6g4
23.Nc3xd5 Qh5xd5
24.Qc2c5 Qd5e4
25.Qc5h5 Qe4d3
26.Kg1 Ng4xe3
27.fxe3 Re6xe3
28.Re1d1 Qd3c2
29.Rd1d2 Qc2c4
30.Qh5c5 Qc4e6
31.Ra1f1 Ng6f4
32.Nf3e5 Nf4h3
33.Kh2 Qe6g4
34.Qc5c2 Re8xe5
{ resign }
0-1

[Event "Match"]
[Site "www.echecsemail.com"]
[Date "2019.06.10"]
[Round "1"]
[White "Apdash"]
[Black "Aiko1603"]
[WhiteElo "2060"]
[BlackElo "2140"]
[Result "1-0"]
[Round "1"]
1.d4 Ng8f6
2.c4 e6
3.a3 c5
4.Ng1f3 d5
5.cxd5 exd5
6.Bc1g5 Bf8e7
7.dxc5 Be7xc5
8.e3 O-O
9.Bf1e2 Bc8e6
10.Nb1c3 Bc5e7
11.O-O Nb8c6
12.Ra1c1 Nf6e4
13.Nc3xe4 dxe4
14.Bg5xe7 Qd8xe7
15.Nf3d4 Nc6xd4
16.Qd1xd4 Be6f5
17.Rc1c5 Bf5g6
18.Rf1c1 b6
19.Rc5c7 Qe7e8
20.Be2g4 f5
21.Qd4xg7 { resign }
1-0

[Event "Tourn. n10109"]
[Site "www.echecsemail.com"]
[Date "2019.06.10"]
[Round "1"]
[White "Libiesse"]
[Black "Bojan"]
[WhiteElo "1810"]
[BlackElo "2050"]
[Result "0-1"]
[Round "1"]
1.d4 d5
2.c4 Ng8f6
3.Ng1f3 h6
4.Nb1c3 dxc4
5.e4 e6
6.Bf1xc4 a6
7.O-O Bf8b4
8.Rf1e1 c6
9.a3 Bb4a5
10.b4 Ba5b6
11.h3 Nf6h7
12.Bc1e3 Qd8e7
13.d5 Bb6xe3
14.Re1xe3 O-O
15.d6 Qe7f6
16.e5 Qf6d8
17.Nf3d4 Nh7g5
18.f4 Ng5h7
19.Qd1h5 Bc8d7
20.Re3g3 Kh8
21.Bc4d3 f5
22.Qh5g6 Rf8g8
23.Nd4xe6 Nh7f8
24.Ne6xd8 Nf8xg6
25.Rg3xg6 Rg8xd8
26.e6 Bd7e8
27.e7 Rd8d7
28.Rg6e6 g6
29.g4 Kg7
30.gxf5 a5
31.Ra1a2 b5
32.Ra2e2 axb4
33.Nc3xb5 Nb8a6
34.Nb5d4 Na6c5
35.Re6xg6 Be8xg6
36.fxg6 Nc5xd3
37.e8Q Ra8xe8
38.Re2xe8 bxa3
39.Nd4e6 Kxg6
40.Re8d8 Rd7xd8
41.Ne6xd8 a2
{ resign }
0-1

[Event "Tourn. n10114"]
[Site "www.echecsemail.com"]
[Date "2019.06.10"]
[Round "1"]
[White "Cathar"]
[Black "Yudoka"]
[WhiteElo "2170"]
[BlackElo "2360"]
[Result "0-1"]
[Round "1"]
1.d4 d5
2.c4 c6
3.Ng1f3 Ng8f6
4.e3 a6
5.Nb1d2 Bc8f5
6.Nf3h4 Bf5g4
7.Qd1c2 Nb8d7
8.h3 Bg4h5
9.g4 Bh5g6
10.Nh4xg6 hxg6
11.Bf1g2 e6
12.O-O Bf8d6
13.e4 dxe4
14.Nd2xe4 Nf6xe4
15.Qc2xe4 Qd8h4
16.f4 O-O
17.Bc1e3 Ra8e8
18.g5 Re8b8
19.Rf1f3 Rf8e8
20.Be3f2 Qh4h5
21.Rf3g3 c5
22.Bg2f3 Qh5h4
23.Rg3g4 Qh4xh3
24.Rg4h4 Qh3f5
25.Qe4xf5 gxf5
26.Ra1d1 Re8d8
{ resign }
0-1

[Event "Match"]
[Site "www.echecsemail.com"]
[Date "2019.06.10"]
[Round "1"]
[White "Ketchuplover"]
[Black "Osopanda"]
[WhiteElo "2010"]
[BlackElo "1440"]
[Result "1-0"]
[Round "1"]
1.c4 c5
2.g3 d6
3.Bf1g2 Nb8c6
4.b3 e6
5.Bc1b2 Ng8f6
6.Ng1f3 Bf8e7
7.d4 cxd4
8.Nf3xd4 O-O
9.O-O Nc6xd4
10.Qd1xd4 a6
11.Nb1d2 Bc8d7
12.Bg2xb7 Ra8b8
13.Bb7xa6 Qd8c7
14.Nd2e4 Nf6xe4
15.Qd4xg7 { resign }
1-0

[Event "Tourn. n10144"]
[Site "www.echecsemail.com"]
[Date "2019.06.10"]
[Round "1"]
[White "Francesco"]
[Black "Sorim"]
[WhiteElo "2150"]
[BlackElo "2230"]
[Result "1/2-1/2"]
[Round "1"]
1.e4 e5
2.Ng1f3 Nb8c6
3.Bf1b5 a6
4.Bb5a4 Ng8f6
5.O-O b5
6.Ba4b3 Bf8e7
7.Rf1e1 O-O
8.d4 exd4
9.Nf3xd4 Bc8b7
10.e5 Nc6xd4
11.Qd1xd4 c5
12.Qd4e3 Nf6d5
13.Bb3xd5 Bb7xd5
14.Nb1c3 Bd5b7
15.Nc3e4 Bb7xe4
16.Qe3xe4 d5
17.exd6 Be7xd6
18.Bc1f4 Bd6xf4
19.Qe4xf4 Rf8e8
20.Re1xe8 Qd8xe8
21.Qf4f3 Ra8a7
22.Ra1d1 { draw }
1/2-1/2

[Event "Tourn. n10103"]
[Site "www.echecsemail.com"]
[Date "2019.06.10"]
[Round "1"]
[White "Szustan"]
[Black "Ssharp"]
[WhiteElo "2620"]
[BlackElo "2290"]
[Result "1-0"]
[Round "1"]
1.e4 e6
2.d4 d5
3.Nb1c3 Bf8b4
4.e5 c5
5.a3 Bb4xc3
6.bxc3 Ng8e7
7.Qd1g4 O-O
8.Bf1d3 c4
9.Bc1h6 Ne7g6
10.Bd3xg6 fxg6
11.Bh6e3 Qd8a5
12.Kd2 Nb8c6
13.h4 Rf8f5
14.h5 gxh5
15.Rh1xh5 Rf5xh5
16.Qg4xh5 Bc8d7
17.Ng1f3 Bd7e8
18.Qh5h3 Nc6d8
19.Be3g5 Be8f7
20.Ra1h1 Bf7g6
21.Nf3h4 { resign }
1-0

[Event "Tourn. n10149"]
[Site "www.echecsemail.com"]
[Date "2019.06.10"]
[Round "1"]
[White "Apdash"]
[Black "Bojan"]
[WhiteElo "2170"]
[BlackElo "2050"]
[Result "1-0"]
[Round "1"]
1.e4 e5
2.Ng1f3 d6
3.Bf1c4 h6
4.O-O Ng8f6
5.d4 Bf8e7
6.dxe5 Nf6xe4
7.Qd1e2 d5
8.Rf1d1 c6
9.Bc4b3 Be7c5
10.Bc1e3 Qd8b6
11.Be3xc5 Ne4xc5
12.Nb1d2 Bc8g4
13.h3 Bg4h5
14.c4 Nc5xb3
15.axb3 Nb8d7
16.e6 Nd7f6
17.exf7 Kf8
18.Rd1e1 Qb6c7
19.Qe2e5 Qc7xe5
20.Nf3xe5 Bh5xf7
21.f4 a6
22.g4 g5
23.fxg5 hxg5
24.Kg2 Ra8d8
25.Nd2f3 Rh8g8
26.Ne5xf7 Kxf7
27.Re1e5 Nf6e4
28.cxd5 cxd5
29.Ra1d1 Ne4c5
30.b4 Nc5a4
31.b3 Na4c3
32.Rd1d3 Rd8c8
33.Nf3xg5 Kf6
34.Ng5f3 Rg8d8
35.Re5f5 Kg6
36.h4 Nc3e4
37.h5 Kh6
38.Rd3xd5 Rd8e8
39.Nf3d4 Re8e7
40.Rf5e5 Rc8e8
41.Nd4f5 { resign }
1-0

[Event "Fast Game"]
[Site "www.echecsemail.com"]
[Date "2019.06.10"]
[Round "1"]
[White "Add"]
[Black "Leonger"]
[WhiteElo "1840"]
[BlackElo "1990"]
[Result "0-1"]
[Round "1"]
1.e4 c5
2.Ng1f3 d6
3.d4 cxd4
4.Nf3xd4 Ng8f6
5.Nb1c3 a6
6.Bc1g5 Nb8d7
7.Bf1c4 e6
8.O-O h6
9.Bg5h4 g5
10.Bh4g3 h5
11.f3 Nd7e5
12.Bc4b3 h4
13.Bg3f2 h3
14.g4 Nf6h7
15.Bf2g3 Bc8d7
16.Rf1f2 Bf8e7
17.Qd1f1 Nh7f8
18.Nc3d1 Nf8g6
19.Nd1e3 Ra8c8
20.Ra1d1 b5
21.c3 Qd8b6
22.Qf1e1 Ng6f4
23.Bb3c2 a5
24.a3 O-O
25.Qe1d2 b4
26.axb4 axb4
27.cxb4 d5
28.b5 Bd7xb5
29.Nd4xb5 Qb6xb5
30.exd5 Be7b4
31.Qd2d4 Ne5xf3
{ resign }
0-1

[Event "Tourn. n10132"]
[Site "www.echecsemail.com"]
[Date "2019.06.11"]
[Round "1"]
[White "Seger"]
[Black "Coolant"]
[WhiteElo "2800"]
[BlackElo "2340"]
[Result "1-0"]
[Round "1"]
1.d4 d5
2.c4 e6
3.Nb1c3 Ng8f6
4.Ng1f3 c6
5.e3 Bf8d6
6.Bf1d3 Nb8d7
7.e4 dxc4
8.Bd3xc4 Bd6b4
9.Qd1e2 O-O
10.O-O Rf8e8
11.e5 Nf6d5
12.Nc3e4 Bb4e7
13.Bc1g5 h6
14.Bg5xe7 Qd8xe7
15.Ra1c1 Nd7f8
16.Rf1e1 Nf8g6
17.g3 f5
18.exf6 gxf6
19.Nf3h4 Ng6f8
20.Bc4xd5 cxd5
21.Nh4f5 Qe7h7
22.Ne4xf6 { resign }
1-0

[Event "Tourn. n10131"]
[Site "www.echecsemail.com"]
[Date "2019.06.11"]
[Round "1"]
[White "Claudia"]
[Black "Fantomas"]
[WhiteElo "2160"]
[BlackElo "2230"]
[Result "0-1"]
[Round "1"]
1.d4 c6
2.c4 d5
3.Nb1c3 e6
4.cxd5 exd5
5.Ng1f3 Ng8f6
6.Bc1g5 Bf8e7
7.e3 h6
8.Bg5h4 Bc8e6
9.Bf1d3 O-O
10.O-O Be6g4
11.Qd1c2 Rf8e8
12.Nf3e5 Bg4e6
13.f4 c5
14.Ra1c1 c4
15.Bd3f5 Qd8c8
16.Bf5xe6 Qc8xe6
17.f5 Qe6d6
18.Rc1d1 Nb8c6
19.Nc3b5 { time. }
0-1

[Event "Tourn. n10133"]
[Site "www.echecsemail.com"]
[Date "2019.06.11"]
[Round "1"]
[White "Bigrezi"]
[Black "Apdash"]
[WhiteElo "2160"]
[BlackElo "2140"]
[Result "0-1"]
[Round "1"]
1.e4 c5
2.Ng1f3 e6
3.d4 cxd4
4.Nf3xd4 Nb8c6
5.Bc1e3 Ng8f6
6.Nb1c3 Bf8b4
7.Nd4xc6 bxc6
8.Be3d2 O-O
9.Bf1d3 e5
10.O-O d5
11.exd5 cxd5
12.a3 Bb4xc3
13.Bd2xc3 d4
14.Bc3b4 Rf8e8
15.Rf1e1 e4
16.Bd3c4 Bc8g4
17.Qd1d2 a5
18.Bb4c5 Ra8c8
19.Bc4xf7 Kxf7
20.Bc5xd4 Rc8c4
21.c3 Qd8d7
22.Qd2e3 Qd7f5
23.b3 Nf6d5
24.Qe3d2 Rc4c7
25.c4 Nd5f4
26.Bd4e3 Nf4xg2
27.Kxg2 Qf5f3
28.Kg1 Bg4h3
29.Qd2d5 Kf8
30.Qd5d6 Kg8
31.Qd6g3 Rc7c6
32.Be3d4 Rc6g6
33.Re1e3 Rg6xg3
{ resign }
0-1

[Event "Tourn. n10079"]
[Site "www.echecsemail.com"]
[Date "2019.06.11"]
[Round "1"]
[White "Numanoid"]
[Black "Nevaeh"]
[WhiteElo "2730"]
[BlackElo "2780"]
[Result "1/2-1/2"]
[Round "1"]
1.d4 d5
2.c4 e6
3.Nb1c3 c6
4.e4 dxe4
5.Nc3xe4 Bf8b4
6.Bc1d2 Qd8xd4
7.Bd2xb4 Qd4xe4
8.Bf1e2 Nb8a6
9.Bb4a5 b6
10.Qd1d6 Bc8d7
11.Ba5c3 f6
12.Ng1f3 Ng8h6
13.Ra1d1 Ra8d8
14.Qd6a3 Bd7c8
15.Nf3d2 Qe4f4
16.Be2h5 Nh6f7
17.O-O c5
18.Qa3a4 Ke7
19.Rf1e1 Nf7g5
20.Re1e3 Rd8d6
21.Rd1e1 Rh8d8
22.Nd2f3 Kf8
23.h3 Ng5xf3
24.Bh5xf3 Na6b4
25.Re3e4 Qf4f5
26.Qa4xa7 Nb4d3
27.Re1d1 Nd3e5
28.Rd1xd6 Ne5xf3
29.gxf3 Rd8xd6
30.Qa7c7 Rd6d1
31.Re4e1 Rd1xe1
32.Bc3xe1 e5
33.Qc7xb6 Qf5g5
34.Kh2 Qg5f4
35.Kg2 Qf4g5
36.Kh2 { draw }
1/2-1/2

[Event "Tourn. n10149"]
[Site "www.echecsemail.com"]
[Date "2019.06.11"]
[Round "1"]
[White "Fantomas"]
[Black "Apdash"]
[WhiteElo "2230"]
[BlackElo "2170"]
[Result "0-1"]
[Round "1"]
1.e4 c5
2.Ng1f3 d6
3.Bf1e2 Nb8c6
4.Nb1c3 g6
5.d3 Bf8g7
6.Bc1d2 Ng8f6
7.O-O O-O
8.Qd1c1 Nc6d4
9.Be2d1 a6
10.a4 Bc8d7
11.Nf3xd4 cxd4
12.Nc3e2 e5
13.Ne2g3 Ra8c8
14.h3 d5
15.exd5 Nf6xd5
16.Bd2h6 Nd5b4
17.Bh6xg7 Kxg7
18.Qc1d2 Qd8e7
19.c3 dxc3
20.bxc3 Nb4d5
21.c4 Nd5b4
22.Rf1e1 Bd7c6
23.Qd2c3 Rf8e8
24.Ra1b1 a5
25.Kf1 Rc8d8
26.Bd1c2 h5
27.f3 Qe7h4
28.Ng3h1 Rd8d4
29.Nh1f2 Qh4f4
30.Rb1d1 f6
31.Rd1d2 Re8d8
32.Rd2e2 b6
33.Re2e3 Nb4a2
34.Qc3b3 Na2b4
35.Nf2e4 Bc6xe4
36.Re3xe4 Qf4d2
37.Re4e2 Qd2f4
38.Re1d1 g5
39.Re2e4 Rd4xe4
40.dxe4 Rd8xd1
41.Bc2xd1 Qf4d2
42.Qb3b1 Nb4d3
43.Kg1 Qd2f2
{ resign }
0-1

[Event "Tourn. n10144"]
[Site "www.echecsemail.com"]
[Date "2019.06.11"]
[Round "1"]
[White "Bojan"]
[Black "Francesco"]
[WhiteElo "2160"]
[BlackElo "2150"]
[Result "0-1"]
[Round "1"]
1.d4 Ng8f6
2.h3 d5
3.Ng1f3 g6
4.Nb1c3 Bf8g7
5.Bc1g5 Nb8d7
6.Qd1d3 O-O
7.e3 e6
8.Nf3h2 c5
9.Nc3e2 Qd8a5
10.c3 Nf6e4
11.Bg5h4 cxd4
12.Ne2xd4 Nd7c5
13.Qd3c2 Qa5c7
14.Nd4b5 Qc7b6
15.b4 Nc5d7
16.Bf1d3 Nd7e5
17.Nb5d4 Ne5xd3
18.Qc2xd3 g5
19.Bh4g3 Ne4xg3
20.fxg3 Bc8d7
21.O-O Ra8c8
22.Nh2f3 h6
23.g4 Rc8c7
24.Rf1c1 Rf8c8
25.Rc1c2 a6
26.Nd4b3 Rc7xc3
27.Rc2xc3 Rc8xc3
28.Qd3d2 Qb6xe3
29.Qd2xe3 Rc3xe3
30.Kf2 Re3xb3
31.Ra1c1 Rb3b2
32.Kg3 Rb2xb4
33.h4 gxh4
34.Kxh4 Rb4b2
35.g3 Rb2xa2
36.Rc1b1 Bd7c6
37.g5 hxg5
38.Kxg5 Ra2a3
39.Nf3d2 Ra3xg3
40.Kh4 Rg3g6
41.Nd2f3 Bg7f6
42.Kh5 Kg7
{ resign }
0-1